Les 10 villes de France les plus peuplées commençant par F - Statistiques

Statistiques générales
  • Ce quiz a été pris 66 fois
  • Le résultat moyen est 3 sur 10
Statistiques - réponses
# Ville Population % Correct
1 Fort-de-France 75.165
56%
2 Fréjus 58.499
48%
10 Fougères 20.602
41%
7 Fontaine 22.471
36%
8 Fleury-les-Aubrais 21.664
28%
4 Franconville 38.024
28%
6 Fontenay-aux-Roses 24.586
25%
3 Fontenay-sous-Bois 52.646
25%
9 Forbach 21.111
20%
5 Fresnes 29.298
20%
Aucun quiz correspondant
Distribution des résultats
% des personnes avec chaque résultat
Percentile par nombre de réponses
Votre historique - résultats
Vous n’avez pas pris ce quiz